000 00448nam a2200181Ia 4500
999 _c3385
_d3385
020 _a0-631-20951-4
082 _a306 SCH-;
100 _aHaggis, Jane
245 0 _aCulture and development : a critical introduction
260 _aMalden
_bBlackwell Publishing
_c2000
300 _a226p.
504 _aIncludes index
650 _aCultural sociology
650 _aCulture
650 _aGlobalization
700 _aSchech, Susanne
942 _cBK